000 00409nam a22001337a 4500
999 _c129900
_d129900
008 190925b ||||| |||| 00| 0 eng d
050 _aTK1560. H241
100 _aHankins, Mark
_948304
245 _aSolar electric systems for Africa
_cMark Hankins
260 _aLondon
_bCommonwealth science council
_c1995
300 _a135p. ;
_c31cm.
650 _aSolar electric systems
_948305
942 _2lcc
_cMONOGRAPH